Management and Cost Accounting: Student's Manual. (Record no. 2946)

MARC details
005 - DATE AND TIME OF LATEST TRANSACTION
control field 20250602071058.0
020 ## - INTERNATIONAL STANDARD BOOK NUMBER
International Standard Book Number 1-84480-030-X
082 ## - DEWEY DECIMAL CLASSIFICATION NUMBER
Classification number LECT 657.42 DRU
100 ## - MAIN ENTRY--PERSONAL NAME
Author name DRURY, C.
245 ## - TITLE STATEMENT
Title Management and Cost Accounting: Student's Manual.
250 ## - EDITION STATEMENT
Edition statement 6th Ed.
260 ## - PUBLICATION, DISTRIBUTION, ETC.
Place of publication, distribution, etc. Australia,
Name of publisher, distributor, etc. Thomson,
Date of publication, distribution, etc. 2004.
300 ## - PHYSICAL DESCRIPTION
Extent vi, 211p.: ill.; figure
Dimensions 29cm.
856 ## - ELECTRONIC LOCATION AND ACCESS
Link text Access Online Book
Electronic name Management and Cost Accounting: Student's Mnual
Path www.drury-online.com
942 ## - ADDED ENTRY ELEMENTS (KOHA)
Source of classification or shelving scheme Dewey Decimal Classification
Koha item type Books
Holdings
Date last seen Total checkouts Full call number Barcode Cost, replacement price Price effective from Koha item type Lost status Source of classification or shelving scheme Damaged status Not for loan Withdrawn status Home library Current library Shelving location Date acquired Cost, normal purchase price
06/27/2025   658.1511 DOM0001144 30000.00 06/27/2025 Books   Dewey Decimal Classification       CBE Dodoma CBE Dodoma General Collection 06/27/2025 10000.00
06/02/2025   LECT 657.42 DRU 00000010565 30000.00 06/02/2025 Books   Dewey Decimal Classification       College of Business Education Main Library College of Business Education Main Library General Collection 04/22/2005 10000.00
06/04/2025   TEA LECT 657.42 DRU 00000011082 30000.00 06/04/2025 Books   Dewey Decimal Classification       College of Business Education Main Library College of Business Education Main Library General Collection 04/22/2005 10000.00
06/04/2025   TEA LECT 657.42 DRU 00000011083 30000.00 06/04/2025 Books   Dewey Decimal Classification       College of Business Education Main Library College of Business Education Main Library General Collection 04/22/2005 10000.00